12 Angry Men - Statistics

General Stats
  • This quiz has been taken 59 times
  • The average score is 11 of 12
Answer Stats
Picture Answer % Correct
Juror 1
98%
Juror 2
96%
Juror 3
96%
Juror 5
96%
Juror 10
94%
Juror 11
94%
Juror 12
94%
Juror 4
94%
Juror 6
94%
Juror 7
94%
Juror 8
94%
Juror 9
94%
No matching quizzes found
Score Distribution
Percent of People with Each Score
Percentile by Number Answered
Your Score History
You have not taken this quiz